English Grammar Exercises : with Answer key for Advanced Students and Teachers of English /

Spremljeno u:
Bibliografski detalji
Glavni autor: Kathy Shaw
Format: Knjiga
Jezik:English
Izdano: Tp. Hồ Chí Minh : Nxb. Tp. Hồ Chí Minh, 1997.
Teme:
Oznake: Dodaj oznaku
Bez oznaka, Budi prvi tko označuje ovaj zapis!
Thư viện lưu trữ: Mạng thư viện Đại học Đà Nẵng
LEADER 01059nam a22003011a 4500
001 000037965
003 14260
005 20220722105301.0
008 160412s1997 000
041 0 |a eng 
082 |a 425  |b SH-K 
100 0 |a Kathy Shaw 
242 0 |a Bài tập ngữ pháp tiếng Anh 
245 0 |a English Grammar Exercises :  |b with Answer key for Advanced Students and Teachers of English /  |c Kathy Shaw; Biên dịch: Nguyễn Thành Yến. 
260 |a Tp. Hồ Chí Minh :  |b Nxb. Tp. Hồ Chí Minh,  |c 1997. 
300 |a 187tr. ;  |c 21 cm. 
653 |a tiếng Anh 
653 |a ngữ pháp 
OWN |a LNN 
902 |a TKA 
AVA |a UDN50  |b LNN  |c English  |d 425SH-K  |e available  |t Error 5001 Not defined in file expand_doc_bib_avail.  |f 2  |g 0  |h N  |i 0  |j AN 
999 |a From the UDN01 
AVA |a UDN50  |b LNN  |c English  |d 425SH-K  |e available  |t Error 5001 Not defined in file expand_doc_bib_avail.  |f 2  |g 0  |h N  |i 0  |j AN 
TYP |a Monograph 
980 |a Mạng thư viện Đại học Đà Nẵng